Loading...
| History - American History | 5 | 1 | 0 | 0 | 85 | 43 | 61.17 | 3 | 5 |
| History - World History | 3 | 3 | 0 | 0 | 75 | 13 | 52.50 | 3 | 6 |
| Fine Arts - Visual Fine Arts | 0 | 6 | 0 | 2 | 60 | 62 | 99.83 | 3 | 6 |
| History - Other History | 2 | 3 | 0 | 1 | 60 | 59 | 80.60 | 3 | 4 |
| Social Science | 1 | 4 | 0 | 1 | 55 | 74 | 91.40 | 1 | 5 |
| Literature - World Literature | 2 | 3 | 1 | 0 | 55 | 67 | 93.40 | 4 | 5 |
| Fine Arts - Auditory Fine Arts | 1 | 4 | 0 | 0 | 55 | 40 | 77.20 | 2 | 5 |
| Science - Other Science | 0 | 5 | 0 | 0 | 50 | 53 | 95.60 | 1 | 4 |
| History - European History | 2 | 2 | 0 | 0 | 50 | 52 | 70.00 | 2 | 4 |
| Science - Physics | 1 | 4 | 1 | 1 | 50 | 57 | 90.40 | 3 | 5 |
| Literature - British Literature | 0 | 5 | 1 | 1 | 45 | 92 | 105.00 | 2 | 5 |
| Fine Arts - Other Fine Arts | 0 | 5 | 1 | 0 | 45 | 85 | 103.60 | 0 | 5 |
| Literature - European Literature | 1 | 2 | 1 | 0 | 30 | 73 | 88.33 | 3 | 3 |
| Science - Chemistry | 1 | 2 | 1 | 1 | 30 | 74 | 96.67 | 1 | 2 |
| Current Events | 1 | 1 | 0 | 0 | 25 | 44 | 60.50 | 1 | 2 |
| Religion | 2 | 0 | 1 | 0 | 25 | 59 | 64.50 | 2 | 2 |
| Science - Biology | 0 | 3 | 1 | 0 | 25 | 105 | 109.67 | 0 | 3 |
| Philosophy | 1 | 2 | 2 | 0 | 25 | 36 | 62.00 | 3 | 3 |
| Literature - American Literature | 0 | 3 | 2 | 0 | 20 | 79 | 95.33 | 2 | 3 |
| Mythology | 0 | 2 | 1 | 1 | 15 | 104 | 123.50 | 0 | 2 |
| Geography | 1 | 0 | 0 | 0 | 15 | 40 | 40.00 | 1 | 1 |
| Other Academic | 0 | 1 | 0 | 0 | 10 | 61 | 61.00 | 0 | 0 |